Terry Eagleton: An Interview.

In this interview, political and social theorist, Terry Eagleton (b. 1943), shares stories of his Irish upbringing and British education, and sums up his current engagement with art theory, leftist politics, and spirituality under capitalism. With reference to Henry James, Frederic Jameson, Christop...

Full description

Bibliographic Details
Corporate Author: Kanopy (Firm)
Format: Video
Language:Undetermined
Language Notes:In English
Published: [San Francisco, California, USA] : Kanopy Streaming, 2015.
Subjects:
Online Access:Connect to this streaming video

MARC

Tag First Indicator Second Indicator Subfields
LEADER 00000cgm a2200000za 4500
001 in00003592002
006 m o c
007 vz uzazuu
007 cr una---unuuu
008 150908p20152009cau044 o vlund d
005 20260324170615.7
028 5 2 |a 1126634  |b Kanopy 
035 |a (CaSfKAN)kan1126634 
040 |a VDU  |b eng  |c VDU  |d UtOrBLW 
245 0 0 |a Terry Eagleton: An Interview. 
264 1 |a [San Francisco, California, USA] :  |b Kanopy Streaming,  |c 2015. 
300 |a 1 online resource (streaming video file) 
306 |a Duration: 45 minutes 
336 |a two-dimensional moving image  |b tdi  |2 rdacontent 
337 |a computer  |b c  |2 rdamedia 
338 |a online resource  |b cr  |2 rdacarrier 
500 |a Title from title frames. 
518 |a Originally produced by Video Data Bank in 2009. 
520 |a In this interview, political and social theorist, Terry Eagleton (b. 1943), shares stories of his Irish upbringing and British education, and sums up his current engagement with art theory, leftist politics, and spirituality under capitalism. With reference to Henry James, Frederic Jameson, Christopher Hitchens, and Richard Dawkins, among others, this interview spans a vast landscape of literature and social theory. The conversation frames the division between liberal humanism and tragic humanism, which Eagleton describes as the basis for his text Reason, Faith, and Revolution (2010). Peppered with profound quips, this interview offers a rich primer in humanist philosophy and a salient lesson in the necessity of living well, with each other, in the present moment. - Faye Gleisser Interview conducted by David Raskin in February 2009, edited in 2014. 
538 |a Mode of access: World Wide Web. 
546 |a In English 
500 |a Electronic resource. 
653 |a Race and Class Studies 
653 |a Visual Art 
655 7 |a Nonfiction films.  |2 lcgft  |0 http://id.loc.gov/authorities/genreForms/gf2011026423 
655 7 |a Internet videos.  |2 lcgft  |0 http://id.loc.gov/authorities/genreForms/gf2011026337 
710 2 |a Kanopy (Firm)  |0 http://id.loc.gov/authorities/names/no2014091415 
856 4 0 |u http://proxy.library.tamu.edu/login?url=https://texasam.kanopystreaming.com/node/126635  |z Connect to this streaming video  |t 0 
999 f f |s 7ecf86ad-bf8b-3d3f-8c48-02385a73cc1e  |i 7c1558d9-a0ab-3c3c-92f0-e116789fc9f6  |t 0 
952 f f |a Texas A&M University  |b College Station  |c Electronic Resources  |s www_evans  |d Available Online  |t 0  |h No information provided 
998 f f |t 0  |l Available Online